Loading...
| Mythology | 0 | 4 | 1 | 0 | 35 | 57 | 80.25 | 0 | 0 | 16.35 | 23.33 |
| Science - Chemistry | 0 | 2 | 0 | 1 | 20 | 103 | 112.00 | 0 | 0 | 1.65 | 6.67 |
| Religion | 0 | 2 | 0 | 0 | 20 | 115 | 120.50 | 0 | 0 | 2.02 | 10.00 |
| History - Other | 0 | 2 | 0 | 1 | 20 | 129 | 131.00 | 0 | 0 | -0.26 | 6.67 |
| Science - Other | 0 | 2 | 1 | 0 | 15 | 104 | 106.00 | 0 | 1 | 3.11 | 13.33 |
| Science - Biology | 0 | 2 | 1 | 0 | 15 | 101 | 112.00 | 0 | 0 | 1.84 | 4.44 |
| Fine Arts - Other | 0 | 1 | 0 | 0 | 10 | 78 | 78.00 | 0 | 1 | 4.39 | 10.00 |
| Literature - American | 0 | 1 | 0 | 0 | 10 | 129 | 129.00 | 0 | 0 | 1.49 | 3.33 |
| Other Academic | 0 | 1 | 0 | 0 | 10 | 84 | 84.00 | 0 | 1 | 14.10 | 40.00 |
| Social Science | 0 | 1 | 0 | 0 | 10 | 127 | 127.00 | 0 | 0 | 0.00 | 3.33 |
| History - American | 0 | 1 | 1 | 0 | 5 | 129 | 129.00 | 0 | 0 | 0.33 | 3.33 |
| History - European | 0 | 1 | 1 | 1 | 5 | 117 | 117.00 | 0 | 0 | -0.10 | 5.56 |
| History - World | 0 | 1 | 1 | 0 | 5 | 77 | 77.00 | 0 | 1 | 4.32 | 10.00 |
| Fine Arts - Visual | 0 | 0 | 1 | 0 | -5 | 0.00 | 0 | 0 | 0.00 | 0.00 | |
| Geography/Current Events | 0 | 0 | 1 | 0 | -5 | 0.00 | 0 | 0 | 0.00 | 0.00 | |
| Philosophy | 0 | 0 | 1 | 0 | -5 | 0.00 | 0 | 0 | 0.00 | 0.00 | |
| Literature - European | 0 | 0 | 1 | 0 | -5 | 0.00 | 0 | 0 | 0.00 | 0.00 |